000 00600nam a22001817a 4500
005 20100511111438.0
008 100511t xxu||||| |||| 00| 0 eng d
020 _a9788128823626
_c100.00
037 _bPUB
040 _adpl
_bEnglish
100 _aHill, Napoleon
245 _aThink and grow rich /
_cby Napoleon Hill
260 _aNew Delhi
_bDiamond Pocket Books
_c2009
270 _aX-30, Okhla Industrial Area, Phase-II,
_bNew Delhi
_e110020
300 _a270p.
_c23cm(pbk)
942 _2ddc
_cEN
_mHIL
999 _c35913
_d35913